书目信息 |
| 题名: |
砌体结构设计指导与实例精选
|
|
| 作者: | 徐建 , 孙惠镐 编 | |
| 分册: | ||
| 出版信息: | 北京 中国建筑工业出版社 2008.01 |
|
| 页数: | 348页 | |
| 开本: | 26cm | |
| 丛书名: | 建筑结构设计指导与实例精选系列丛书 | |
| 单 册: | ||
| 中图分类: | TU375 | |
| 科图分类: | ||
| 主题词: | 砌体结构--qi ti jie gou--建筑设计 | |
| 电子资源: | ||
| ISBN: | 978-7-112-09612-1 | |
| 000 | 01066nam 2200265 450 | |
| 001 | 012008208278 | |
| 005 | 20191108151719.84 | |
| 010 | @a978-7-112-09612-1@dCNY37.00 | |
| 100 | @a20080114d2008 em y0chiy0120 ea | |
| 101 | 0 | @achi |
| 102 | @aCN@b110000 | |
| 105 | @aa a 000yy | |
| 200 | 1 | @a砌体结构设计指导与实例精选@Aqi ti jie gou she ji zhi dao yu shi li jing xuan@f徐建, 孙惠镐编@Fxu jian,sun hui gao bian |
| 210 | @a北京@c中国建筑工业出版社@d2008.01 | |
| 215 | @a348页@c图@d26cm | |
| 225 | 2 | @a建筑结构设计指导与实例精选系列丛书@Ajian zhu jie gou she ji zhi dao yu shi li jing xuan xi lie cong shu |
| 320 | @a有书目 (第348页) | |
| 330 | @a本书内容包括:无筋砌体构件、配筋砌体构件、圈梁、过梁、砌体结构房屋的静力设计、多层砌体房屋的抗震设计、底部框架及多层内框架砖房的抗震设计等。 | |
| 410 | 0 | @12001 @a建筑结构设计指导与实例精选系列丛书 |
| 606 | 0 | @a砌体结构@Aqi ti jie gou@x建筑设计 |
| 690 | @aTU375@v4 | |
| 701 | 0 | @a徐建@Axu jian@4编 |
| 701 | 0 | @a孙惠镐@Asun hui gao@4编 |
| 801 | 0 | @aCN@bQSSK@c20080114 |
| 905 | @b278462-64@dTU375@eX735@f3 | |
| 砌体结构设计指导与实例精选/徐建, 孙惠镐编.-北京:中国建筑工业出版社,2008.01 |
| 348页:图;26cm.-(建筑结构设计指导与实例精选系列丛书) |
| ISBN 978-7-112-09612-1:CNY37.00 |
| 本书内容包括:无筋砌体构件、配筋砌体构件、圈梁、过梁、砌体结构房屋的静力设计、多层砌体房屋的抗震设计、底部框架及多层内框架砖房的抗震设计等。 |
| ● |
| 相关链接 |
|
|
|
正题名:砌体结构设计指导与实例精选
索取号:TU375/X735
 
预约/预借
| 序号 | 登录号 | 条形码 | 馆藏地/架位号 | 状态 | 备注 |
| 1 | 1302173 | 213021736 | 建筑库101/101建筑库 88排1列4层/ [索取号:TU375/X735] | 在馆 | |
| 2 | 1302174 | 213021745 | 建筑库101/101建筑库 88排1列4层/ [索取号:TU375/X735] | 在馆 | |
| 3 | 1302175 | 213021754 | 建筑库101/101建筑库 88排1列4层/ [索取号:TU375/X735] | 在馆 | |
| 4 | 1302176 | 213021763 | 建筑库101/101建筑库 88排1列4层/ [索取号:TU375/X735] | 在馆 | |
| 5 | 1302177 | 213021772 | 建筑库101/101建筑库 88排1列4层/ [索取号:TU375/X735] | 在馆 | |
| 6 | 278462 | 202784629 | 建筑库101/101建筑库 88排1列4层/ [索取号:TU375/X735] | 在馆 | |
| 7 | 278463 | 202784638 | 建筑库101/101建筑库 88排1列4层/ [索取号:TU375/X735] | 在馆 | |
| 8 | 278464 | 202784647 | 建筑库101/101建筑库 88排1列4层/ [索取号:TU375/X735] | 在馆 |